000 01995nam a2200373 c 4500
003 BLK
005 20250625085731.0
008 180411b bul|||||r ||||||| ||bul||
010 _aKNG00190404000
020 _a978-954-309-217-8
_bиздат.: Светулка 44 АТЕНЕЙ
040 _aBLK
041 _aBUL
_cBUL
072 7 _2bullib
_aН84
_xБългарска художествена литература Н
080 _aБългарска литература
_b821.163.2
_x-31
_z821.163.2-31
100 _aКараколева, Петя Георгиева
_d1944-1997
_gФилолог, англ. филология, автор на поезия и проза, преводач, ред. в Детска редакция на Българско радио (1978-)
_eпърви автор
_9372846
700 1 _aКараколева, Тамара Георгиева
_eот архива на
_9372845
139 _aКараколева, Петя Георгиева
_bК 32
245 1 0 _aСедем живи Марии
_bРоман
_cПетя Георгиева Караколева; от архива на Тамара Георгиева Караколева.
250 _a2. изд.
257 _aBGR
260 София
_bСветулка 44 АТЕНЕЙ
_c2015
_fСофия : Булгед
300 _a176 с.
_c21 см
380 _aX
490 1 _aКолекция Петя Караколева
_v5
500 _a1. изд. 1991 на Воен. изд. в сер. Героика и приключения. - 20 086 тир. - Съдържа и за авт. - Книгата, която не стигна до книжарниците / Тамара Караколева: с. 174.
653 _aромани
659 _aН
852 _aЦб 282281
856 4 _qpdf
_u
856 4 _qpdf
_u
942 _cKNG
_n0
_01
944 _aCR
_c14.09.2016
_lСевдалина Тодорова
_k30540
944 _aED
_c13.01.2017
_lф /
_kЛюдмила_Стоянова
999 _c181501
_d181501